Biomedical engineering (Record no. 54193)
[ view plain ]
| 000 -LEADER | |
|---|---|
| fixed length control field | 00547nam a2200193Ia 4500 |
| 001 - CONTROL NUMBER | |
| control field | 56901 |
| 008 - FIXED-LENGTH DATA ELEMENTS--GENERAL INFORMATION | |
| fixed length control field | 140506s9999 xx 000 0 und d |
| 020 ## - INTERNATIONAL STANDARD BOOK NUMBER | |
| International Standard Book Number | 9788184871951 |
| 040 ## - CATALOGING SOURCE | |
| Transcribing agency | PK-LaUMT |
| 082 ## - DEWEY DECIMAL CLASSIFICATION NUMBER | |
| Classification number | 610.28 |
| Item number | BIO- |
| 100 ## - MAIN ENTRY--PERSONAL NAME | |
| Personal name | Galigekere, Ramesh R. |
| 245 ## - TITLE STATEMENT | |
| Title | Biomedical engineering |
| Statement of responsibility, etc | Galigekere, Ramesh R.<>Ramakrishnan, A. G.<>Udupa, Jayaram K. |
| 260 ## - PUBLICATION, DISTRIBUTION, ETC. (IMPRINT) | |
| Place of publication, distribution, etc | New Delhi,India: |
| Name of publisher, distributor, etc | Narosa Publishing House, |
| Date of publication, distribution, etc | 2012 |
| 300 ## - PHYSICAL DESCRIPTION | |
| Extent | 342 p. |
| 546 ## - LANGUAGE NOTE | |
| Language note | EN |
| 700 ## - ADDED ENTRY--PERSONAL NAME | |
| Personal name | Ramakrishnan, A. G. |
| 700 ## - ADDED ENTRY--PERSONAL NAME | |
| Personal name | Udupa, Jayaram K. |
| 942 ## - ADDED ENTRY ELEMENTS (KOHA) | |
| Koha item type | Books |
| Withdrawn status | Lost status | Damaged status | Not for loan | Home library | Current library | Date acquired | Total Checkouts | Full call number | Barcode | Date last seen | Price effective from | Koha item type |
|---|---|---|---|---|---|---|---|---|---|---|---|---|
| UMT Main Campus | UMT Main Campus | 2014-05-06 | 610.28 BIO- | 80565 | 2014-05-08 | 2014-05-08 | Books |
